Normal view
MARC view
Entry Personal Name
001 - CONTROL NUMBER
- control field: 11534
003 - CONTROL NUMBER IDENTIFIER
- control field: BD-DhEWU
005 - DATE AND TIME OF LATEST TRANSACTION
- control field: 20140609210206.0
008 - FIXED-LENGTH DATA ELEMENTS
- fixed length control field: 140609|| aca||aabn | a|a d
040 ## - CATALOGING SOURCE
- Original cataloging agency: BD-DhEWU
- Transcribing agency: BD-DhEWU
100 ## - HEADING--PERSONAL NAME
- Personal name: Taylor, David.
670 ## - SOURCE DATA FOUND
- Source citation: Work cat.: (BD-DhEWU)5277: Taylor, David., Manufacturing operations and supply chain management :, 2001.